000 00416nam a2200181Ia 4500
001 9773
005 20260306161743.0
008 260306t2012||||xx |||||||||||||| ||spa||
041 _aESP
082 _a418.02
_bN542
100 _aNida, Eugene Albert
_eAUT
245 0 _aSobre la traducción
260 _c2012
300 _a481 páginas :
_c21 cm.
650 _aGEN
654 _aCHU
942 _cLIB
_dJUS
_fJUS
_2ddc
_n
999 _c9773
_d9773